Selections from the Indian journals. (Record no. 55981)
[ view plain ]
| 000 -LEADER | |
|---|---|
| fixed length control field | 00615cam a22002291 4500 |
| 001 - CONTROL NUMBER | |
| control field | sa 64000039 |
| 003 - CONTROL NUMBER IDENTIFIER | |
| control field | DLC |
| 005 - DATE AND TIME OF LATEST TRANSACTION | |
| control field | 20260227111953.0 |
| 008 - FIXED-LENGTH DATA ELEMENTS--GENERAL INFORMATION | |
| fixed length control field | 801210m19639999ii 000 0 eng |
| 010 ## - LIBRARY OF CONGRESS CONTROL NUMBER | |
| LC control number | sa 64000039 |
| 035 ## - SYSTEM CONTROL NUMBER | |
| System control number | (OCoLC)7024675 |
| 040 ## - CATALOGING SOURCE | |
| Original cataloging agency | DLC |
| Transcribing agency | MnBemS |
| Modifying agency | OCoLC |
| -- | DLC |
| 042 ## - AUTHENTICATION CODE | |
| Authentication code | premarc |
| 050 00 - LIBRARY OF CONGRESS CALL NUMBER | |
| Classification number | DS403 |
| Item number | .D33 |
| 100 1# - MAIN ENTRY--PERSONAL NAME | |
| Personal name | Das, Satyajit, |
| Relator term | ed. |
| 245 10 - TITLE STATEMENT | |
| Title | Selections from the Indian journals. |
| 250 ## - EDITION STATEMENT | |
| Edition statement | [1st ed.] |
| 260 ## - PUBLICATION, DISTRIBUTION, ETC. | |
| Place of publication, distribution, etc. | Calcutta, |
| Name of publisher, distributor, etc. | Firma K.L. Mukhopadhyay, |
| Date of publication, distribution, etc. | 1963- |
| 300 ## - PHYSICAL DESCRIPTION | |
| Extent | v. |
| Dimensions | 22 cm. |
| 505 1# - FORMATTED CONTENTS NOTE | |
| Formatted contents note | v. 1. Calcutta journal. |
| 651 #0 - SUBJECT ADDED ENTRY--GEOGRAPHIC NAME | |
| Geographic name | India |
| General subdivision | History |
| -- | Sources. |
No items available.